| 000 | 00862nam0a22002411 4500 | ||
|---|---|---|---|
| 001 | rc\2902717 | ||
| 005 | 20260213154603.0 | ||
| 035 | _a(NLR Aleph) 007053957 | ||
| 090 |
_a6218729 _c6218729 |
||
| 100 | _a20110729d1928 u y0rusy50 ca | ||
| 101 | 0 | _arus | |
| 102 | _aRU | ||
| 105 | _ay z ||||| | ||
| 200 | 1 |
_aРешения XV съезда ВКП(б) и работа сельского кооперативного актива _fИ.М. Новиков |
|
| 210 |
_aМосква _cЦентросоюз _d1928 _gтипо-литогр. Центросоюза |
||
| 215 |
_a90 с. _d17х13 см |
||
| 700 | 1 |
_7ca _8rus _aНовиков _bИ. М. _cпублицист _gИван Михайлович _92697199 _3RU\NLR\AUTH\770289981 |
|
| 801 | 0 |
_aRU _bNLR _gpsbo |
|
| 801 | 1 |
_aRU _bELAR _2rusmarc |
|
| 852 |
_aNLR _j62/2669 |
||
| 942 | _cUNSPEC | ||
| 980 | _aNB | ||